Detalles MARC
| 000 -CABECERA |
| campo de control de longitud fija |
01173pam a2200277 a 4500 |
| 001 - NÚMERO DE CONTROL |
| campo de control |
000011427 |
| 005 - FECHA Y HORA DE LA ÚLTIMA TRANSACCIÓN |
| campo de control |
20200929162441.0 |
| 008 - DATOS DE LONGITUD FIJA--INFORMACIÓN GENERAL |
| campo de control de longitud fija |
820921s1983 cau b 101 0 eng |
| 010 ## - NÚMERO DE CONTROL DE LA BIBLIOTECA DEL CONGRESO |
| Número de control de LC |
82017914 |
| 020 ## - NÚMERO INTERNACIONAL ESTÁNDAR DEL LIBRO |
| Número Internacional Estándar del Libro |
0933014791 : |
| Condiciones de disponibilidad |
$15.00 |
| 040 ## - FUENTE DE LA CATALOGACIÓN |
| Centro catalogador/agencia de origen |
DO-SdBNP |
| Centro/agencia transcriptor |
DLC |
| Centro/agencia modificador |
DLC |
| 050 00 - SIGNATURA TOPOGRÁFICA DE LA BIBLIOTECA DEL CONGRESO |
| Número de clasificación |
RJ496.S8 |
| Número de documento/Ítem |
T73 1983 |
| 060 ## - SIGNATURA TOPOGRÁFICA DE LA NATIONAL LIBRARY OF MEDICINE |
| Número de clasificación |
WM 475 T784 1982 |
| 082 00 - NÚMERO DE LA CLASIFICACIÓN DECIMAL DEWEY |
| Número de clasificación |
618.92/8554 |
| Número de edición |
19 |
| 245 00 - MENCIÓN DE TÍTULO |
| Título |
Treatment of stuttering in early childhood : |
| Resto del título |
methods and issues / |
| Mención de responsabilidad, etc. |
[edited by] David Prins and Roger J. Ingham. |
| 260 ## - PUBLICACIÓN, DISTRIBUCIÓN, ETC. |
| Lugar de publicación, distribución, etc. |
San Diego, Calif. : |
| Nombre del editor, distribuidor, etc. |
College-Hill Press, |
| Fecha de publicación, distribución, etc. |
c1983. |
| 300 ## - DESCRIPCIÓN FÍSICA |
| Extensión |
viii, 149 p. ; |
| Dimensiones |
24 cm. |
| 500 ## - NOTA GENERAL |
| Nota general |
"The first five chapters are based on papers presented at a regional conference hosted in Seattle by the Department of Speech and Hearing Sciences, University of Washington, March 4-6, 1982." |
| 504 ## - NOTA DE BIBLIOGRAFÍA, ETC. |
| Nota de bibliografía, etc. |
Includes bibliographies and index. |
| 650 #0 - PUNTO DE ACCESO ADICIONAL DE MATERIA--TÉRMINO DE MATERIA |
| Término de materia o nombre geográfico como elemento de entrada |
Stuttering in children |
| Subdivisión general |
Congresses. |
| 9 (RLIN) |
27099 |
| 650 #2 - PUNTO DE ACCESO ADICIONAL DE MATERIA--TÉRMINO DE MATERIA |
| Término de materia o nombre geográfico como elemento de entrada |
Stuttering |
| Subdivisión general |
In infancy and childhood |
| -- |
Congresses. |
| 9 (RLIN) |
27100 |
| 650 #2 - PUNTO DE ACCESO ADICIONAL DE MATERIA--TÉRMINO DE MATERIA |
| Término de materia o nombre geográfico como elemento de entrada |
Stuttering |
| Subdivisión general |
Therapy |
| -- |
Congresses. |
| 9 (RLIN) |
27101 |
| 700 1# - PUNTO DE ACCESO ADICIONAL--NOMBRE DE PERSONA |
| Nombre de persona |
Prins, David, |
| Fechas asociadas al nombre |
1930- |
| 9 (RLIN) |
27102 |
| 700 1# - PUNTO DE ACCESO ADICIONAL--NOMBRE DE PERSONA |
| Nombre de persona |
Ingham, Roger J., |
| Fechas asociadas al nombre |
1945- |
| 9 (RLIN) |
27103 |
| 910 ## - DATOS DE OPCIÓN DEL USUARIO (OCLC) |
| Datos de opción del usuario |
Catalogación por copia / LC |